[Event "ROM Supercup"]
[Site "Romania"]
[Date "2001.??.??"]
[Round "?"]
[White "Taicutoiu, Ionel"]
[Black "Florescu, Petru"]
[Result "1-0"]
[WhiteElo "2065"]
[BlackElo "2165"]
[PlyCount "154"]
[EventDate "2001.??.??"]
[EventType "tourn"]
[EventRounds "11"]
[EventCountry "ROU"]
[SourceTitle "EXT 2008"]
[Source "ChessBase"]
[SourceDate "2007.11.25"]
[SourceVersion "1"]
[SourceVersionDate "2007.11.25"]
[SourceQuality "1"]

1. e4 c5 2. Nf3 Nc6 3. d4 cxd4 4. Nxd4 Nf6 5. Nc3 d6 6. Be2 e5 7. Nb3 Be7 8. Be3 Be6 9. Bf3 Na5 10. Nxa5 Qxa5 11. 0-0 0-0 12. Qd2 Kh8 13. h3 h6 14. Rfd1 b5 15. a3 a6 16. Ne2 Qc7 17. Nc3 Rac8 18. Rac1 Rfd8 19. g4 Qc4 20. Bb6 Re8 21. Ba5 Qc5 22. Bb4 Qb6 23. Ne2 Nh7 24. Qe1 h5 25. Kg2 Ng5 26. Ng3 g6 27. Nf1 Nxf3 28. Kxf3 f5 29. gxf5 gxf5 30. exf5 Rf8 31. Qe3 Qxe3+ 32. Nxe3 Bxf5 33. Nxf5 Rxf5+ 34. Ke2 Rcf8 35. Rf1 Rd8 36. Rcd1 Bf8 37. Rd5 Be7 38. Rfd1 Rdf8 39. Rf1 R5f6 40. f3 Rg6 41. Rf2 Rg3 42. f4 Rxf4 43. Rxf4 exf4 44. Rxh5+ Kg7 45. Rf5 Re3+ 46. Kd1 Rxh3 47. Rxf4 Rh1+ 48. Ke2 Bf6 49. b3 Be5 50. Rf3 Ra1 51. Kd3 Rd1+ 52. Ke4 Rc1 53. Rf2 Rd1 54. Rd2 Ra1 55. Kd5 Bb2 56. Kc6 Kf7 57. Rxd6 Bxa3 58. Rd7+ Ke8 59. Bxa3 Rxa3 60. Rd2 Ra2 61. b4 Ke7 62. Kb6 Rb2 63. Rd4 Ra2 64. Rd5 Ra4 65. c3 Ra3 66. Kb7 a5 67. bxa5 Rxa5 68. Kb6 Ra3 69. Rc5 Rb3 70. Rc7+ Kd8 71. Rc5 b4 72. c4 Rb1 73. Rb5 b3 74. c5 b2 75. Kc6 Ra1 76. Rxb2 Ra6+ 77. Rb6 Ra1 1-0

[Event "ROM Supercup"]
[Site "Romania"]
[Date "2001.??.??"]
[Round "?"]
[White "Taicutoiu, Ionel"]
[Black "Stanciu, Adrian"]
[Result "0-1"]
[WhiteElo "2065"]
[BlackElo "2130"]
[PlyCount "140"]
[EventDate "2001.??.??"]
[EventType "tourn"]
[EventRounds "11"]
[EventCountry "ROU"]
[SourceTitle "EXT 2008"]
[Source "ChessBase"]
[SourceDate "2007.11.25"]
[SourceVersion "1"]
[SourceVersionDate "2007.11.25"]
[SourceQuality "1"]

1. e4 e6 2. Nf3 d5 3. exd5 exd5 4. d4 Bf5 5. Bd3 Bxd3 6. Qxd3 c6 7. 0-0 Bd6 8. Bg5 f6 9. Re1+ Ne7 10. Bd2 0-0 11. c4 Re8 12. Nc3 Nd7 13. cxd5 Nxd5 14. Nxd5 cxd5 15. Qb5 Nb6 16. Ba5 Qd7 17. Qxd7 Nxd7 18. Rac1 Kf7 19. Kf1 Rec8 20. Ke2 Nf8 21. Kd3 Ne6 22. g3 g5 23. Bd2 h5 24. h4 g4 25. Ng1 f5 26. Ne2 Rc6 27. Nc3 f4 28. Rf1 Rc4 29. Nb5 Be7 30. b3 Rc6 31. Nc3 Rd8 32. Ne2 f3 33. Nc3 Bf6 34. Be3 Rb6 35. Na4 Ra6 36. Rc2 b6 37. Nc3 Ra5 38. a4 Be7 39. Nb5 Bb4 40. Nc7 Rd7 41. Nxe6 Kxe6 42. Bf4 b5 43. Rc6+ Kf7 44. Bc7 Ra6 45. Rfc1 Rxc6 46. Rxc6 bxa4 47. bxa4 Be1 48. Ke3 Re7+ 49. Be5 Rb7 50. Rh6 Rb3+ 51. Kf4 Bxf2 52. Rxh5 Be3+ 53. Kxg4 f2 54. Rf5+ Ke6 55. Rf6+ Ke7 56. Kh5 Rb1 57. g4 f1Q 58. Rxf1 Rxf1 59. Kg6 Rd1 60. Bf6+ Kf8 61. Bg7+ Kg8 62. h5 Bxd4 63. Bh6 Rg1 64. Kf5 Rf1+ 65. Ke6 Rf6+ 66. Kxd5 Rxh6 67. Kxd4 Ra6 68. Ke5 Rxa4 69. g5 Rh4 70. h6 a5 0-1